00437nam a2200133Ia 4500008004100000020001500041041000800056082001600064100001600080245011900096260006100215300001800276650000900294210716s2006 xx 000 0 und d a007053070X aeng a004.22 HWAK aHwang, Kai. aAdvanced computer architecture: parallelism scalability programmability.bParallelism scalability programmability. aNew DelhibTata McGraw Hill Publishing Company Ltdc2006 axxiv,770/2000 aNone